000 00577nam a2200229Ia 4500
003 OSt
005 20221007064812.0
006 a|||||r|||| 00| 0
007 ta
008 221006b |||||||| |||| 00| 0 eng d
024 _a20,730
037 _cTextual
040 _aFLL
_cFLL
_beng
041 _2eng
_aeng
082 _aZ2,5, L8
100 _aBatra T.S. Au.
_9681555
245 0 _aCriminal law
260 _aDelhi
_bMetropolitan Pub. India
_c1978
300 _a646p
_ccm.
942 _hZ2,5, L8
_cTEXL
_2CC
999 _c1135395
_d1135395